Statistics for Count to 10 in Hebrew

Click here to take the quiz!

General Stats

  • This quiz has been taken 190 times
  • The average score is 8 of 10

Answer Stats

#Hebrew% Correct
1Echad
97%
3Shalosh
90%
4Arba
90%
2Shtayim
86%
5Chamesh
84%
7Sheva
81%
6Shesh
78%
10Esser
78%
9Tesha
73%
8Shamona
67%

Score Distribution

Percentile by Number Answered

Percent of People with Each Score

Your Score History

You have not taken this quiz